书目信息 |
| 题名: |
高素质医学创新人才研究
|
|
| 作者: | 郭淑英 主编 | |
| 分册: | ||
| 出版信息: | 沈阳 东北大学出版社 2001 |
|
| 页数: | 373页 | |
| 开本: | 20cm | |
| 丛书名: | ||
| 单 册: | ||
| 中图分类: | R192 | |
| 科图分类: | ||
| 主题词: | 医药卫生人员--人才--培养--研究 | |
| 电子资源: | ||
| ISBN: | 7-81054-599-X | |
| 000 | 00595nam0 2200193 45 | |
| 001 | 0412011500 | |
| 005 | 20041201155441.4 | |
| 010 | @a7-81054-599-X@dCNY30.00 | |
| 100 | @a20041201d2001 km y0chiy0120 ea | |
| 101 | 0 | @achi |
| 105 | @a z 000yy | |
| 200 | 1 | @a高素质医学创新人才研究@AGao Su Zhi Yi Xue Chuang Xin Ren Cai Yan Jiu@f郭淑英等主编@FGuo Shu Ying Deng Zhu Bian |
| 210 | @a沈阳@c东北大学出版社@d2001 | |
| 215 | @a373页@d20cm | |
| 606 | 0 | @a医药卫生人员@x人才@x培养@x研究 |
| 690 | @aR192@v4 | |
| 701 | @a郭淑英@4主编 | |
| 801 | @aCN@bTSTCL@c20041201 | |
| 905 | @b336451-455@dR192@e72@f5 | |
| 高素质医学创新人才研究/郭淑英等主编.-沈阳:东北大学出版社,2001 |
| 373页;20cm |
| ISBN 7-81054-599-X:CNY30.00 |
| ● |
| 相关链接 |
|
|
|
|
正题名:高素质医学创新人才研究
索取号:R192/72
 
预约/预借
| 序号 | 登录号 | 条形码 | 馆藏地/架位号 | 状态 | 备注 |
| 1 | 0336451 | 203364518 | 第三借阅区/ [索取号:R192/72] | 在馆 | |
| 2 | 0336452 | 203364527 | 教育系资料室/ [索取号:R192/72] | 在馆 | |
| 3 | 0336453 | 203364536 | 教育系资料室/ [索取号:R192/72] | 在馆 | |
| 4 | 0336454 | 203364545 | 第三借阅区/ [索取号:R192/72] | 在馆 | |
| 5 | 0336455 | 203364554 | 第二样本阅览室/ [索取号:R192/72] | 在馆 |